Central Library OPAC University of Rajshahi

Introduction to economic statistics / (Record no. 42969)

MARC details
000 -LEADER
fixed length control field 00934nam a2200313 a 4500
001 - CONTROL NUMBER
control field 42969
003 - CONTROL NUMBER IDENTIFIER
rucl marc code BD-RjUL
005 - DATE AND TIME OF LATEST TRANSACTION
control field 20211209053625.0
008 - FIXED-LENGTH DATA ELEMENTS--GENERAL INFORMATION
fixed length control field 160618s1970 nyu b 001 0 eng
020 ## - INTERNATIONAL STANDARD BOOK NUMBER
International Standard Book Number 0471596205
035 ## - SYSTEM CONTROL NUMBER
System control number (BD-RjUL)43087
System control number (OCoLC)00060002
System control number GLIS00471346
040 ## - CATALOGING SOURCE
Original cataloging agency DLC
Transcribing agency DLC
Modifying agency m.c.
-- RCD
-- BD-RjUL
Language of cataloging eng
041 ## - LANGUAGE CODE
Language code of text/sound track or separate title eng
082 ## - DEWEY DECIMAL CLASSIFICATION NUMBER
Edition number 23
Classification number 310
Author mark and year MEI 1970
090 ## - LOCALLY ASSIGNED LC-TYPE CALL NUMBER (OCLC); LOCAL CALL NUMBER (OCLC)
Local cutter number (OCLC) ; Book number/undivided call number, CALL (RLIN) .M571
099 ## - LOCAL FREE-TEXT CALL NUMBER (OCLC)
Bangla Class number HA29.M571
100 1# - MAIN ENTRY--PERSONAL NAME
Personal name Merrill, William C.
Fuller form of name (William Charles),
Dates associated with a name 1934-
9 (RLIN) 131951
245 10 - TITLE STATEMENT
Title Introduction to economic statistics /
Statement of responsibility, etc. by William C. Merrill and Karl A. Fox.
260 ## - PUBLICATION, DISTRIBUTION, ETC. (IMPRINT)
Place of publication, distribution, etc. New York :
Name of publisher, distributor, etc. J. Wiley & sons,
Date of publication, distribution, etc. c1970
300 ## - PHYSICAL DESCRIPTION
Pagination xiii, 658 p. :
Size 23 cm.
Illustrations ill. ;
504 ## - BIBLIOGRAPHY, ETC. NOTE
Bibliography, etc Includes bibliographical references and index
650 #0 - SUBJECT ADDED ENTRY--TOPICAL TERM
Topical term or geographic name as entry element Statistics.
9 (RLIN) 131952
700 1# - ADDED ENTRY--PERSONAL NAME
Personal name Fox, Karl A.,
Dates associated with a name 1917-2008.
942 ## - ADDED ENTRY ELEMENTS (KOHA)
Source of classification or shelving scheme Dewey Decimal Classification
Koha item type Books
949 ## - LOCAL PROCESSING INFORMATION (OCLC)
a MYGD
Holdings
Lost status Source of classification or shelving scheme Damaged status Not for loan Collection code Permanent Location Current Location Shelving location Date acquired Source of acquisition Cost, normal purchase price Total Checkouts Full call number Date last seen Copy number Koha item type
  Dewey Decimal Classification     Non-fiction Central Library, University of Rajshahi Central Library, University of Rajshahi   31/05/1974 National book agency 127.50   310 MEI 1970 18/06/2016 C-2 Books